LIBRARY & INFORMATION CENTRE, KCAET, TAVANUR

ONLINE PUBLIC ACCESS CATALOGUE (OPAC)

Principles of thermodynamics in agricultural engineering (Record no. 14051)

MARC details
000 -LEADER
fixed length control field 00310nam a22001217a 4500
020 ## - INTERNATIONAL STANDARD BOOK NUMBER
ISBN 9788127248833
082 ## - DEWEY DECIMAL CLASSIFICATION NUMBER
Classification number 621.402
Item number SAN/PR
100 ## - MAIN ENTRY--AUTHOR NAME
Personal name Sanjay Kumar
245 ## - TITLE STATEMENT
Title Principles of thermodynamics in agricultural engineering
260 ## - PUBLICATION, DISTRIBUTION, ETC. (IMPRINT)
Place of publication Ludhiana
Name of publisher Kalyani Publishers
Year of publication 2008
300 ## - PHYSICAL DESCRIPTION
Number of Pages 408p
942 ## - ADDED ENTRY ELEMENTS (KOHA)
Koha item type Books
Holdings
Withdrawn status Lost status Damaged status Home library Current library Shelving location Date acquired Cost, normal purchase price Full call number Accession Number Koha item type Collection code
      KAUAET KAUAET General Stacks 30/03/2013 250.00 621.402 SAN/PR 23965 Books  
      KAUAET KAUAET General Stacks 30/03/2013 250.00 621.402 SAN/PR 23964 Books  
free website counter